ბათუმის შოთა რუსთაველის სახელმწიფო უნივერსიტეტის ბიბლიოთეკა

Pharmacology for Nurses (ბიბ.ჩანაწერი № 46707)

000 -LEADER
fixed length control field 00507nam a2200217Ia 4500
001 - CONTROL NUMBER
control field 13551
003 - CONTROL NUMBER IDENTIFIER
control field GE_BSU
008 - FIXED-LENGTH DATA ELEMENTS--GENERAL INFORMATION
fixed length control field 181216s||||||||xx |||||||||||||| ||und||
020 ## - INTERNATIONAL STANDARD BOOK NUMBER
International Standard Book Number 070200524X
040 ## - CATALOGING SOURCE
Transcribing agency GE_BSU
080 ## - UNIVERSAL DECIMAL CLASSIFICATION NUMBER
Universal Decimal Classification number 615
100 ## - MAIN ENTRY--PERSONAL NAME
Personal name Bailey,Rosemary E.
245 ## - TITLE STATEMENT
Title Pharmacology for Nurses
260 ## - PUBLICATION, DISTRIBUTION, ETC.
Place of publication, distribution, etc. London
260 ## - PUBLICATION, DISTRIBUTION, ETC.
Name of publisher, distributor, etc. Bailliere Tindall
260 ## - PUBLICATION, DISTRIBUTION, ETC.
Date of publication, distribution, etc. 1975
300 ## - PHYSICAL DESCRIPTION
Extent 383p.18cm.
653 ## - INDEX TERM--UNCONTROLLED
Uncontrolled term Pharmacology for Nurses
653 ## - INDEX TERM--UNCONTROLLED
Uncontrolled term ფარმაკოლოგია
942 ## - ADDED ENTRY ELEMENTS (KOHA)
Koha item type წიგნი
ეგზემპლარები
Withdrawn status Lost status Damaged status Not for loan Date acquired Barcode Date last seen Price effective from Koha item type
        2018-12-17 37004 2018-12-17 2018-12-17 წიგნი